A Valentine's Day Logic Puzzle Quiz Stats

 Plays Quiz Updated Feb 11, 2015

Score 0/36 Timer 20:00
2 Plays Today
box relationship % Correct
Beth



Alan
???
100%




Sue
???
56.4%




Kate
???
54.5%




Rick
???
53.9%
Ryan





???
53.1%




Rachel
???
52.8%




Mike
???
52.8%






???
52.8%
Erica





???
52.2%
Leon





???
50.8%






???
50.6%






???
49.6%






???
49.1%
Megan





???
49%
Steve





???
48.7%






???
48.4%






???
48.2%






???
45.7%
box relationship % Correct






???
43.5%






???
43.1%






???
42.7%






???
41.3%






???
40.1%






???
40%






???
38.3%






???
38.1%






???
37.4%






???
34.8%






???
33.4%






???
30%






???
28.7%






???
28%






???
27%






???
26.8%






???
25.2%






???
23.5%

You're not logged in!

Compare scores with friends on all Sporcle quizzes.
OR
Log In

You Might Also Like...

Show Comments

Extras

Top Quizzes Today


Score Distribution

Your Account Isn't Verified!

In order to create a playlist on Sporcle, you need to verify the email address you used during registration. Go to your Sporcle Settings to finish the process.

Report this User

Report this user for behavior that violates our Community Guidelines.

Details: